[Event "ESP-chT Div I 2018"]
[Site "Linares"]
[Date "2018.08.06"]
[Round "1"]
[White "Badillo Ramos, Steve"]
[Black "Gonzalez de la Torre, Santiago"]
[Result "1/2-1/2"]
[WhiteElo "1901"]
[BlackElo "2434"]
[Annotator "NA"]
[PlyCount "137"]
[EventDate "2018.08.06"]
[EventType "team-tourn"]
[EventCountry "ESP"]
[SourceTitle "playchess.com"]
[Source "ChessBase"]
[SourceQuality "1"]
[TimeControl "40/5400+30:1800+30"]

1. e4 {[%emt 0:00:00]} c5 {[%emt 0:00:00]} 2. Nf3 {[%emt 0:00:00]} b6 {[%emt 0:00:00]} 3. b3 {[%emt 0:04:47]} Bb7 {[%emt 0:00:37]} 4. Qe2 {[%emt 0:00:12]} d6 {[%emt 0:04:24]} 5. Bb2 {[%emt 0:05:04]} Nf6 {[%emt 0:05:23]} 6. d3 {[%emt 0:05:04]} Nc6 {[%emt 0:01:54]} 7. g3 {[%emt 0:02:37]} e5 {[%emt 0:00:36]} 8. c3 {[%emt 0:00:53]} g6 {[%emt 0:00:51]} 9. Bg2 {[%emt 0:02:05]} Bg7 {[%emt 0:00:07]} 10. O-O {[%emt 0:00:38]} O-O {[%emt 0:00:05]} 11. Na3 {[%emt 0:02:46]} d5 {[%emt 0:06:19]} 12. Nd2 {[%emt 0:05:23]} Qd7 {[%emt 0:03:17]} 13. Nc2 {[%emt 0:04:02]} Rad8 {[%emt 0:09:37]} 14. Rad1 {[%emt 0:04:54]} Rfe8 {[%emt 0:00:08]} 15. Rfe1 {[%emt 0:15:55]} d4 {[%emt 0:04:09]} 16. cxd4 {[%emt 0:00:33]} exd4 {[%emt 0:00:44]} 17. f4 {[%emt 0:00:32]} Nd5 {[%emt 0:00:38]} 18. Qf1 {[%emt 0:02:58]} Nc3 {[%emt 0:01:54]} 19. Bxc3 {[%emt 0:01:19]} dxc3 {[%emt 0:00:06]} 20. Nc4 {[%emt 0:00:08]} Nd4 {[%emt 0:03:30]} 21. N4e3 {[%emt 0:04:18]} Nxc2 {[%emt 0:01:06]} 22. Nxc2 {[%emt 0:00:13]} Bd4+ {[%emt 0:00:41]} 23. Kh1 {[%emt 0:01:20]} a5 {[%emt 0:00:36]} 24. e5 {[%emt 0:04:33]} a4 {[%emt 0:01:55]} 25. Bxb7 {[%emt 0:03:02]} Qxb7+ {[%emt 0:01:56]} 26. Qg2 {[%emt 0:00:12]} Qxg2+ {[%emt 0:03:19]} 27. Kxg2 {[%emt 0:00:06]} axb3 {[%emt 0:00:03]} 28. axb3 {[%emt 0:00:08]} Ra8 {[%emt 0:00:06]} 29. Ra1 {[%emt 0:00:23]} f6 {[%emt 0:06:52]} 30. exf6 {[%emt 0:03:56]} Rxa1 {[%emt 0:15:14]} 31. Rxe8+ {[%emt 0:00:30]} Kf7 {[%emt 0:00:06]} 32. Nxa1 {[%emt 0:00:11]} Kxe8 {[%emt 0:00:06]} 33. Kf3 {[%emt 0:01:30]} Kf7 {[%emt 0:00:24]} 34. Ke4 {[%emt 0:00:58]} Kxf6 {[%emt 0:00:28]} 35. g4 {[%emt 0:00:58]} Bg1 {[%emt 0:18:52]} 36. h3 {[%emt 0:00:31]} Ke6 {[%emt 0:00:09]} 37. Nc2 {[%emt 0:00:33]} Kd6 {[%emt 0:01:15]} 38. f5 {[%emt 0:00:57]} Bf2 {[%emt 0:02:04]} 39. Na3 {[%emt 0:01:40]} Ke7 {[%emt 0:00:30]} 40. Nc2 {[%emt 0:06:12]} Kf6 {[%emt 0:00:44]} 41. Kf3 {[%emt 0:32:05]} Bd4 {[%emt 0:33:21]} 42. fxg6 {[%emt 0:01:59]} Kxg6 {[%emt 0:00:07]} 43. h4 {[%emt 0:01:09]} Be5 {[%emt 0:00:06]} 44. Na3 {[%emt 0:01:47]} Bd6 {[%emt 0:00:19]} 45. Nc2 {[%emt 0:00:06]} Be7 {[%emt 0:01:14]} 46. Kg3 {[%emt 0:00:39]} b5 {[%emt 0:03:06]} 47. Na1 {[%emt 0:00:28]} Kf7 {[%emt 0:00:05]} 48. g5 {[%emt 0:05:22]} Ke6 {[%emt 0:00:06]} 49. Kf4 {[%emt 0:00:21]} Kd5 {[%emt 0:00:07]} 50. Nc2 {[%emt 0:00:37]} Bd6+ {[%emt 0:00:06]} 51. Ke3 {[%emt 0:01:26]} Ke5 {[%emt 0:00:54]} 52. h5 {[%emt 0:01:15]} Bf8 {[%emt 0:00:06]} 53. g6 {[%emt 0:01:49]} h6 {[%emt 0:00:47]} 54. d4+ {[%emt 0:00:41]} Kf5 {[%emt 0:01:45]} 55. dxc5 {[%emt 0:01:03]} Bxc5+ {[%emt 0:00:13]} 56. Kd3 {[%emt 0:00:06]} Bf8 {[%emt 0:00:26]} 57. Nd4+ {[%emt 0:00:10]} Kf6 {[%emt 0:00:52]} 58. Nxb5 {[%emt 0:01:14]} Kg5 {[%emt 0:00:37]} 59. Nd4 {[%emt 0:00:37]} Kxh5 {[%emt 0:00:42]} 60. Ne6 {[%emt 0:00:17]} Kxg6 {[%emt 0:00:05]} 61. Nxf8+ {[%emt 0:00:05]} Kf5 {[%emt 0:01:34]} 62. Kxc3 {[%emt 0:00:55]} h5 {[%emt 0:00:06]} 63. Kd2 {[%emt 0:00:06]} h4 {[%emt 0:00:14]} 64. Ke3 {[%emt 0:00:19]} h3 {[%emt 0:00:08]} 65. Kf3 {[%emt 0:00:04]} Ke5 {[%emt 0:00:10]} 66. Ng6+ {[%emt 0:05:38]} Kd4 {[%emt 0:00:20]} 67. Nf4 {[%emt 0:00:35]} Kc3 {[%emt 0:00:15]} 68. Nxh3 {[%emt 0:00:02]} Kxb3 69. Ke4 1/2-1/2

[Event "ESP-chT Div I 2018"]
[Site "Linares"]
[Date "2018.08.06"]
[Round "1"]
[White "Bermudez Revuelta, Paula"]
[Black "Munoz Avila, Jose Luis"]
[Result "1/2-1/2"]
[WhiteElo "1887"]
[BlackElo "2204"]
[Annotator "NA"]
[PlyCount "78"]
[EventDate "2018.08.06"]
[EventType "team-tourn"]
[EventCountry "ESP"]
[SourceTitle "playchess.com"]
[Source "ChessBase"]
[SourceQuality "1"]
[TimeControl "40/5400+30:1800+30"]

1. e4 {[%emt 0:00:00]} d6 {[%emt 0:00:00]} 2. d4 {[%emt 0:00:00]} Nf6 {[%emt 0:00:00]} 3. Nc3 {[%emt 0:00:00]} e5 {[%emt 0:00:00]} 4. Nf3 {[%emt 0:00:00]} Nbd7 {[%emt 0:00:29]} 5. Bc4 {[%emt 0:00:00]} Be7 {[%emt 0:00:05]} 6. O-O {[%emt 0:00:07]} O-O {[%emt 0:00:04]} 7. a4 {[%emt 0:00:06]} a5 {[%emt 0:01:21]} 8. Re1 {[%emt 0:00:11]} c6 {[%emt 0:00:07]} 9. Ba2 {[%emt 0:00:07]} exd4 {[%emt 0:00:21]} 10. Nxd4 {[%emt 0:00:07]} Nc5 {[%emt 0:00:10]} 11. Bf4 {[%emt 0:00:48]} Be6 {[%emt 0:02:33]} 12. Nxe6 {[%emt 0:00:16]} fxe6 {[%emt 0:01:07]} 13. e5 {[%emt 0:01:39]} Nd5 {[%emt 0:00:12]} 14. Nxd5 {[%emt 0:02:41]} exd5 {[%emt 0:01:20]} 15. exd6 {[%emt 0:02:59]} Bxd6 {[%emt 0:28:10]} 16. Bxd5+ {[%emt 0:08:47]} Kh8 {[%emt 0:00:18]} 17. Bxd6 {[%emt 0:00:53]} Qxd6 {[%emt 0:00:12]} 18. Bf3 {[%emt 0:02:30]} Qf6 {[%emt 0:10:29]} 19. Qc1 {[%emt 0:09:37]} Rfe8 {[%emt 0:10:17]} 20. b3 {[%emt 0:09:45]} Qc3 {[%emt 0:08:58]} 21. Rd1 {[%emt 0:08:38]} Rad8 {[%emt 0:05:41]} 22. Rxd8 {[%emt 0:05:57]} Rxd8 {[%emt 0:00:16]} 23. Qe1 {[%emt 0:02:18]} Qxc2 {[%emt 0:05:42]} 24. Rc1 {[%emt 0:21:15]} Nd3 {[%emt 0:01:33]} 25. Rxc2 {[%emt 0:00:39]} Nxe1 {[%emt 0:00:06]} 26. Re2 {[%emt 0:00:18]} Nd3 {[%emt 0:00:23]} 27. Rd2 {[%emt 0:02:16]} Re8 {[%emt 0:00:15]} 28. Re2 {[%emt 0:00:39]} Rxe2 {[%emt 0:02:44]} 29. Bxe2 {[%emt 0:00:01]} Nc5 {[%emt 0:00:52]} 30. Bd1 {[%emt 0:04:19]} g5 {[%emt 0:03:42]} 31. Kf1 {[%emt 0:01:08]} Kg7 {[%emt 0:00:33]} 32. Ke2 {[%emt 0:00:24]} Kf6 {[%emt 0:02:49]} 33. Ke3 {[%emt 0:00:53]} Ke5 {[%emt 0:00:37]} 34. g3 {[%emt 0:01:14]} b5 {[%emt 0:03:25]} 35. f4+ {[%emt 0:01:41]} gxf4+ {[%emt 0:00:08]} 36. gxf4+ {[%emt 0:00:12]} Kd5 {[%emt 0:00:43]} 37. Bf3+ {[%emt 0:00:53]} Kd6 {[%emt 0:00:04]} 38. Bd1 {[%emt 0:00:50]} Kd5 {[%emt 0:03:37]} 39. Bf3+ {[%emt 0:00:13]} Kd6 {[%emt 0:06:27] Ke4 Ke5+} 1/2-1/2

[Event "ESP-chT Div I 2018"]
[Site "Linares"]
[Date "2018.08.07"]
[Round "2"]
[White "Van Wely, Loek"]
[Black "Quesada Perez, Yasser"]
[Result "1/2-1/2"]
[WhiteElo "2650"]
[BlackElo "2534"]
[Annotator "TA"]
[PlyCount "118"]
[EventDate "2018.08.06"]
[EventType "team-tourn"]
[EventCountry "ESP"]
[SourceTitle "playchess.com"]
[Source "ChessBase"]
[SourceQuality "1"]

{[%evp 18,118,39,29,29,14,35,0,0,0,0,0,0,0,0,0,0,0,0,0,0,0,0,10,97,70,131,123,135,127,125,108,171,171,157,156,141,129,131,126,126,123,139,134,138,136,128,145,125,104,111,75,118,72,129,130,130,130,294,271,318,314,311,213,288,281,262,253,356,172,694,601,504,500,496,438,403,0,0,0,0,0,8,0,0,0,0,0,0,0,0,0,0,0,0,0,0,0,0,0,0,0,0]} 1. d4 d5 2. c4 dxc4 3. e4 e5 4. Nf3 exd4 5. Bxc4 Nc6 6. O-O Be6 7. Bxe6 fxe6 8. Qb3 Qd7 {D20: Queen's Gambit Accepted: 3 e3 and 3 e4} 9. Qxb7 Rb8 10. Qa6 {LiveBook: 195 Games} Nge7 {White has an edge.} (10... Nf6 11. Nbd2 Bb4 12. Qd3 Bxd2 13. Bxd2 Rxb2 14. Rac1 O-O 15. Rc5 Rfb8 16. Rfc1 R8b6 17. h3 h6 18. a4 Ne8 19. Bc3 R2b3 {1-0 (48) Wojtaszek,R (2746)-Socko,B (2604) Czech Republic 2016}) 11. Nbd2 {[%cal Bb1d2,Bd2c4,Bc4b6][%mdl 32]} Ng6 12. Nc4 Be7 13. Ne1 $146 ({Predecessor:} 13. Bd2 O-O 14. Kh1 h6 15. Rac1 Rf6 16. Qa4 {0-1 (56) Biedermann,K (2252)-Lins,T (2441) ICCF email 2014}) 13... Nb4 14. Qxa7 O-O {aiming for ...Ra8.} 15. Bd2 Ra8 16. Nb6 $1 {[%cal Rb6a8]} Rxa7 17. Nxd7 Rd8 18. Bxb4 $1 Bxb4 19. Nd3 Rxd7 20. Nxb4 {Hoping for Nd3.} Nf4 (20... c5 $11 21. Nd3 c4) 21. g3 c5 (21... Rb7 $1 $14 22. a3 Ne2+ 23. Kg2 d3) 22. Nc6 $36 {[%mdl 2048] White is on the roll.} ({Resist} 22. gxf4 $6 cxb4 23. Rfd1 Kf7 $11) 22... Ne2+ 23. Kg2 Rab7 24. Ne5 Rdc7 (24... Rd8 $16) 25. Rab1 $18 c4 26. Kf3 $1 {[%cal Rf3e2]} d3 27. Ke3 $1 Rb4 28. Nxd3 cxd3 29. Kxd3 Rcb7 30. Kxe2 Rxb2+ 31. Rxb2 Rxb2+ $16 {[%mdl 4096] Endgame KR-KR} 32. Ke3 {And now Ra1 would win.} Rxa2 33. h4 Kf7 34. Kf4 Kf6 35. Kg4 Ra4 (35... g6 $142) 36. f3 Ra5 {[#]} 37. h5 $1 g6 $2 (37... Rg5+ $16 {was necessary.} 38. Kh4 g6) 38. hxg6 $18 Kxg6 39. Rd1 Rg5+ 40. Kh3 Rh5+ 41. Kg2 Ra5 42. Rd6 Kf7 (42... Kf6 {was called for.} 43. f4 Ra4) 43. f4 (43. Rd7+ $142 Kg6 44. Re7) 43... h5 $2 (43... Ra4 44. e5 Ra7) 44. Kh3 Ra1 45. Kh4 Re1 {[#]} 46. e5 $1 Rg1 47. f5 $2 (47. Rc6 $18) 47... exf5 $11 {The position is equal.} 48. Rf6+ Ke7 49. Rxf5 Rh1+ 50. Kg5 Ke6 51. Kg6 h4 {[%cal Bh5h4,Bh4h3,Bh3h2][%mdl 32]} 52. g4 {White wants to play Rh5.} Rg1 53. Kg5 h3 {...h2 is the strong threat.} 54. Rf2 Rg2 55. Rf8 h2 56. Re8+ Kd5 (56... Kf7 $5 57. Rh8 $8 Rf2 $11) 57. Rh8 Kxe5 58. Rh3 Ke4 59. Kf6 Rxg4 {Precision: White = 69%, Black = 57%.} 1/2-1/2

[Event "ESP-chT Div I 2018"]
[Site "Linares"]
[Date "2018.08.07"]
[Round "2"]
[White "Mista, Aleksander"]
[Black "Alsina Leal, Daniel"]
[Result "1-0"]
[WhiteElo "2604"]
[BlackElo "2480"]
[Annotator "TA"]
[PlyCount "99"]
[EventDate "2018.08.06"]
[EventType "team-tourn"]
[EventCountry "ESP"]
[SourceTitle "playchess.com"]
[Source "ChessBase"]
[SourceQuality "1"]

{[%evp 15,99,11,15,9,17,11,25,2,20,15,35,15,15,33,32,-1,36,32,26,37,49,1,35,22,38,31,57,10,7,3,41,42,95,64,72,68,80,65,230,232,235,232,216,222,328,314,314,316,540,520,521,512,658,595,879,861,1418,1185,1070,1047,1827,1961,1839,1820,1764,1714,1206,690,816,391,12800,829,825,815,761,566,1125,1028,5431,2528,1752,1445,1393,1393,1279,1254]} 1. e4 c5 2. Nf3 Nc6 3. d4 cxd4 4. Nxd4 g6 5. c4 Bg7 6. Be3 Qb6 7. Nb5 {B38: Sicilian: Maroczy Bind with 5...Bg7 and 7...0-0} Qa5+ 8. Bd2 Qd8 $1 {LiveBook: 6 Games} 9. N1c3 {The position is equal.} a6 10. Na3 Nf6 11. Be2 O-O 12. O-O Nd4 13. Be3 $146 ({Predecessor:} 13. e5 Ne8 14. Bf4 Ne6 {0-1 (43) Navara,D (2710)-Plat,V (2483) Prague 2012}) 13... Nxe2+ 14. Qxe2 d6 15. h3 Bd7 16. Rfd1 Qc7 17. Rac1 Rac8 18. b4 Be6 {[%cal Re6c4]} 19. Nd5 Bxd5 20. exd5 Qd7 21. Qd3 Qf5 22. Qb3 Rfd8 23. Nc2 {[%cal Ba3c2,Bc2d4,Bd4c6][%mdl 32]} b5 (23... e5 $14) 24. Nd4 Qd7 $1 25. Nc6 Re8 $1 26. a4 $36 {[%cal Ba2a4,Ba4b5,Bb5b6,Bb6b7][%mdl 2080] Black is under pressure.} bxc4 $2 (26... e6 $14) 27. Qxc4 $18 Ra8 28. b5 axb5 29. axb5 Qb7 (29... e6 {keeps fighting.}) 30. b6 Nd7 31. Qb5 Qa6 $2 (31... Nf6 32. Na5 Qd7 33. Qxd7 Nxd7) 32. Qxa6 Rxa6 33. b7 e6 34. Nb4 Ra4 35. Rc8 Kf8 36. Nc6 exd5 37. Bg5 {[#] Threatens to win with Be7+.} f6 38. Re1 Rae4 39. Rxe4 dxe4 40. Bf4 Kf7 41. Bxd6 {[#] Hoping for Nd8+.} f5 42. Nb8 (42. Nd8+ $142 Kf6 43. Bb4) 42... Nb6 $2 (42... Bf8 43. Bxf8 (43. Nxd7 Bxd6 44. b8=Q Bxb8 $18) 43... Nxb8) 43. Rc7+ (43. Rxe8 $142 Kxe8 44. Na6) 43... Ke6 44. Rc6 ({Not} 44. Rxg7 Kxd6 45. Na6 Nd7 $18) 44... Bd4 45. Bc7+ Ke7 46. Rd6 Bc5 47. Nc6+ Kf8 48. Rd1 e3 49. fxe3 Bxe3+ 50. Kh1 {Precision: White = 69%, Black = 29%.} 1-0

[Event "ESP-chT Div I 2018"]
[Site "Linares"]
[Date "2018.08.07"]
[Round "2"]
[White "Martinez Alcantara, Jose Eduardo"]
[Black "Naiditsch, Arkadij"]
[Result "0-1"]
[WhiteElo "2561"]
[BlackElo "2711"]
[Annotator "TA"]
[PlyCount "96"]
[EventDate "2018.08.06"]
[EventType "team-tourn"]
[EventCountry "ESP"]
[SourceTitle "playchess.com"]
[Source "ChessBase"]
[SourceQuality "1"]

{[%evp 25,96,70,81,25,18,29,41,18,3,11,39,26,38,38,30,29,28,26,34,0,38,40,36,0,0,0,0,-227,-218,-206,-241,-260,-259,-259,-258,-227,-205,-258,-240,-245,-240,-282,-271,-282,-300,-306,-292,-441,-417,-516,-398,-385,-398,-380,-389,-361,-371,-539,-540,-596,-591,-727,-736,-722,-722,-744,-693,-1338,-1337,-1251,-1140,-1083,-1066]} 1. e4 c5 2. Nf3 Nc6 3. d4 cxd4 4. Nxd4 e5 5. Nb5 d6 6. N1c3 a6 7. Na3 b5 8. Nd5 Nge7 9. c4 Nxd5 10. exd5 Nd4 11. cxb5 Be7 12. Bd3 O-O {B32: Sicilian: Löwenthal and Kalashnikov Variations} 13. O-O f5 {LiveBook: 21 Games} 14. Be3 (14. bxa6 $16 Qb6 15. Be3) (14. bxa6 f4 15. Nc2 f3 16. Nxd4 exd4 17. gxf3 Bg5 18. Kh1 Bf4 19. Bxf4 Rxf4 20. Rg1 Bxa6 21. Bxa6 Rxa6 {½-½ (54) Kosintseva,T (2494)-Ju,W (2559) Sharjah 2014}) 14... Nxb5 $1 $11 {White has an edge.} 15. Nc4 Rb8 16. f3 $146 ({Predecessor:} 16. f4 exf4 17. Bxf4 Nc7 18. Bc2 Bb7 19. Ne3 g6 20. Qe1 {½-½ (37) Schmitzer,K (2275)-Schrancz,I (2410) IECG email 2003}) 16... Bb7 17. a4 Nd4 18. Bxd4 exd4 19. a5 Bxd5 20. Nb6 Bb7 21. Qa4 {Strongly threatening Nd7.} Rf7 $1 22. Rfe1 {[%mdl 1024] White has compensation.} Bh4 23. Re6 Qg5 {[#] ...Bxf3 is the strong threat.} 24. Bc4 {White wants to mate with Re8+.} Kh8 $1 {Threatens to win with ...Bxf3.} 25. Qa3 Rd8 26. Bd5 $2 {[#]} (26. Qd3 $11 {and White has nothing to worry.}) 26... Rc7 $1 $19 {[%cal Rc7c1]} ({Not} 26... Bxd5 27. Nxd5 f4 28. Rxd6 $11) 27. f4 Qxf4 $40 {[%mdl 128] ( -> ...Rc1+). Black has strong attack.} 28. g3 Rc1+ 29. Re1 Rxe1+ 30. Rxe1 Qd2 31. Rf1 Bxd5 32. Nxd5 Bg5 33. Qf3 g6 34. g4 Rf8 ({Much less strong is} 34... Qxb2 35. gxf5 gxf5 36. Qxf5 $19) 35. b4 Qc2 36. Rf2 (36. h4 $142 Bxh4 37. Qf4) 36... Qc4 37. h4 Be3 38. Nxe3 dxe3 39. Qxe3 Qxg4+ {[%mdl 4096] Endgame KQR-KQR} 40. Kf1 Qxh4 41. b5 (41. Qc3+ {might work better.} Kg8 42. Qb3+ Rf7 43. Re2) 41... Qc4+ {Black is clearly winning.} 42. Re2 Qxb5 43. Qe7 {[%cal Re7f8]} Kg8 44. Qe6+ Kg7 45. Qe7+ Rf7 46. Qxd6 Rd7 47. Qe6 Rd1+ 48. Kf2 Qc5+ {Precision: White = 41%, Black = 87%.} 0-1

[Event "ESP-chT Div I 2018"]
[Site "Linares"]
[Date "2018.08.07"]
[Round "2"]
[White "Pap, Misa"]
[Black "Martin Fuentes, Alberto"]
[Result "1-0"]
[WhiteElo "2478"]
[BlackElo "2391"]
[Annotator "TA"]
[PlyCount "101"]
[EventDate "2018.08.06"]
[EventType "team-tourn"]
[EventCountry "ESP"]
[SourceTitle "playchess.com"]
[Source "ChessBase"]
[SourceQuality "1"]

{[%evp 18,101,35,27,34,27,22,34,30,26,24,21,29,26,26,16,30,33,39,22,31,17,16,0,105,114,85,78,84,82,139,47,58,41,39,37,41,39,89,75,93,93,97,83,75,76,612,179,287,287,287,287,287,287,287,287,287,287,287,287,287,287,287,287,287,287,287,287,287,287,402,287,287,287,1780,1886,1635,1535,1558,1343,1452,1255,5324,5324,5324,5317]} 1. e4 e6 2. d4 d5 3. Nd2 Be7 4. e5 c5 5. c3 Nc6 6. Bd3 {C03: French Tarrasch: Unusual Black 3rd moves} cxd4 7. cxd4 Qb6 8. Ndf3 Bd7 9. Ne2 Nb4 10. Bb1 {LiveBook: 21 Games} Bb5 11. O-O Qa6 12. Re1 {[%cal Bf1e1,Be1e3,Be3b3][%mdl 32]} Nd3 13. Bxd3 $1 Bxd3 {[#]} 14. Nf4 $146 Be4 15. Re3 Nh6 16. Ne1 Bg6 17. g4 O-O-O 18. Rb3 Kb8 19. Bd2 Rc8 20. Bb4 Rhe8 (20... Bxb4 $11 21. Rxb4 Rc4 22. Rxc4 dxc4) 21. Ned3 $16 Bxd3 22. Nxd3 Bxb4 23. Rxb4 Nxg4 {[#]} (23... Re7 $142) 24. h3 ({White should play} 24. a4 $1 $16) 24... Nh6 $14 25. Nc5 Rxc5 $1 26. dxc5 Rc8 27. Rc1 Qa5 28. Qb3 Qa6 29. Ra4 $36 {[%mdl 2048] White is in control.} Qc6 30. Qa3 a6 31. Rb4 {Strongly threatening Rc3.} b5 $2 {[%mdl 8192]} (31... Nf5 $16) 32. Qd3 $2 (32. Qa5) 32... Rc7 (32... Kc7 $142 33. a4 (33. Qxh7 Nf5 $16) 33... Rb8 34. Qxh7 Nf5 35. axb5 axb5) 33. a4 $18 ({Don't take} 33. Qxh7 $6 a5 $16) 33... Rb7 34. axb5 axb5 35. Qxh7 Nf5 36. Qg8+ Qc8 37. Qxc8+ Kxc8 {[%mdl 4096] Endgame KRR-KRN} 38. c6 Rb6 39. Rc5 Kc7 40. Rbxb5 Rxb5 41. Rxb5 Kxc6 {KR-KN} 42. Ra5 Nh4 43. f4 Ng6 (43... Kb6 $142 44. Ra4 Kb7) 44. Ra4 Kb5 45. b3 f6 $2 (45... Kc6 46. Kf2 Kb7) 46. exf6 {White is clearly winning.} gxf6 {[#]} 47. f5 $1 exf5 48. h4 {[%cal Bh3h4,Bh4h5][%mdl 32]} Ne5 49. h5 d4 50. Rxd4 Nf3+ 51. Kf2 {Precision: White = 70%, Black = 37%.} 1-0

[Event "ESP-chT Div I 2018"]
[Site "Linares"]
[Date "2018.08.07"]
[Round "2"]
[White "Gascon del Nogal, Jose Rafael"]
[Black "Bergez, Luc"]
[Result "0-1"]
[WhiteElo "2476"]
[BlackElo "2327"]
[Annotator "ChessBase"]
[PlyCount "115"]
[EventDate "2018.08.06"]
[EventType "team-tourn"]
[EventCountry "ESP"]
[SourceTitle "playchess.com"]
[Source "ChessBase"]
[SourceQuality "1"]
[TimeControl "40/5400+30:1800+30"]

1. e4 {[%emt 0:00:00]} d5 {[%emt 0:00:00]} 2. exd5 {[%emt 0:00:00]} Nf6 {[%emt 0:00:00]} 3. Nf3 {[%emt 0:00:00]} Nxd5 {[%emt 0:00:26]} 4. d4 {[%emt 0:00:15]} Bf5 {[%emt 0:00:39]} 5. Be2 {[%emt 0:00:25]} e6 {[%emt 0:00:22]} 6. O-O {[%emt 0:00:22]} Be7 {[%emt 0:00:11]} 7. c4 {[%emt 0:00:17]} Nb4 {[%emt 0:04:06]} 8. Na3 {[%emt 0:03:26]} c5 {[%emt 0:08:33]} 9. Be3 {[%emt 0:00:59]} cxd4 {[%emt 0:10:03]} 10. Nxd4 {[%emt 0:00:14]} Bg6 {[%emt 0:00:36]} 11. Bf3 {[%emt 0:04:18]} N8c6 {[%emt 0:01:28]} 12. Nxc6 {[%emt 0:00:40]} Nxc6 {[%emt 0:13:13]} 13. Qxd8+ {[%emt 0:02:36]} Rxd8 {[%emt 0:05:20]} 14. Nb5 {[%emt 0:00:43]} a6 {[%emt 0:07:31]} 15. Nc7+ {[%emt 0:02:26]} Kd7 {[%emt 0:03:31]} 16. Bb6 {[%emt 0:01:31]} Kc8 {[%emt 0:07:54]} 17. Bxc6 {[%emt 0:14:23]} Rd6 {[%emt 0:05:05]} 18. Bc5 {[%emt 0:32:13]} Rxc6 {[%emt 0:00:17]} 19. Bxe7 {[%emt 0:00:03]} Rxc7 {[%emt 0:00:52]} 20. Bb4 {[%emt 0:01:34]} Bd3 {[%emt 0:04:02]} 21. Rfd1 {[%emt 0:03:02]} Bxc4 {[%emt 0:00:17]} 22. Bc3 {[%emt 0:01:32]} f6 {[%emt 0:00:16]} 23. f3 {[%emt 0:02:46]} Bd5 {[%emt 0:01:55]} 24. Rd2 {[%emt 0:00:37]} Rc4 {[%emt 0:03:36]} 25. Kf2 {[%emt 0:01:00]} Kd7 {[%emt 0:00:49]} 26. a3 {[%emt 0:00:49]} Ke7 {[%emt 0:01:01]} 27. Rc1 {[%emt 0:00:47]} Kf7 {[%emt 0:01:25]} 28. Rd4 {[%emt 0:00:05]} Rxd4 {[%emt 0:01:24]} 29. Bxd4 {[%emt 0:00:05]} Bc6 {[%emt 0:00:09]} 30. Bb6 {[%emt 0:00:05]} Rc8 {[%emt 0:03:00]} 31. b4 {[%emt 0:03:08]} g5 {[%emt 0:00:25]} 32. a4 {[%emt 0:00:50]} Re8 {[%emt 0:00:07]} 33. a5 {[%emt 0:00:29]} Kg6 {[%emt 0:01:58]} 34. Rd1 {[%emt 0:00:27]} Bd5 {[%emt 0:00:17]} 35. Rc1 {[%emt 0:00:49]} h5 {[%emt 0:01:29]} 36. h3 {[%emt 0:02:16]} Bc6 {[%emt 0:00:12]} 37. Rd1 {[%emt 0:00:05]} Bd5 {[%emt 0:00:04]} 38. Rc1 {[%emt 0:00:04]} Kf5 {[%emt 0:02:24]} 39. Rc7 {[%emt 0:03:57]} h4 {[%emt 0:01:00]} 40. Ke3 {[%emt 0:00:46]} e5 {[%emt 0:01:32]} 41. Rd7 {[%emt 0:30:07]} Ke6 {[%emt 0:31:15]} 42. Rd8 {[%emt 0:00:05]} Re7 {[%emt 0:00:25]} 43. Bc5 {[%emt 0:00:18]} Rd7 {[%emt 0:00:43]} 44. Rxd7 {[%emt 0:00:13]} Kxd7 {[%emt 0:00:09]} 45. Bf8 {[%emt 0:00:25]} Ke6 {[%emt 0:00:15]} 46. Bc5 {[%emt 0:01:24]} f5 {[%emt 0:01:04]} 47. Bf8 {[%emt 0:00:06]} g4 {[%emt 0:00:36]} 48. hxg4 {[%emt 0:08:19]} fxg4 {[%emt 0:00:07]} 49. Kf2 {[%emt 0:01:16]} g3+ {[%emt 0:06:05]} 50. Ke3 {[%emt 0:00:05]} Bc4 {[%emt 0:00:35]} 51. Bh6 {[%emt 0:00:10]} Kf5 {[%emt 0:00:38]} 52. Bf8 {[%emt 0:00:24]} Ke6 {[%emt 0:00:06]} 53. Bh6 {[%emt 0:04:58]} Kf5 {[%emt 0:00:02]} 54. Bf8 {[%emt 0:00:04]} Kf6 {[%emt 0:00:09]} 55. f4 {[%emt 0:00:20]} Bd5 {[%emt 0:01:17]} 56. fxe5+ {[%emt 0:00:11]} Kf5 {[%emt 0:00:25]} 57. e6 {[%emt 0:04:14]} Bxg2 {[%emt 0:00:15]} 58. Kd4 {Ke5+} 0-1